header

Ultimate game programming with DirectX (Record no. 50141)

MARC details
000 -LEADER
fixed length control field 01153nam a2200301Ia 4500
100 1# - MAIN ENTRY--AUTHOR NAME
Personal name Sherrod, Allen.
245 10 - TITLE STATEMENT
Title Ultimate game programming with DirectX
250 ## - EDITION STATEMENT
Edition statement 2nd ed.
260 ## - PUBLICATION, DISTRIBUTION, ETC. (IMPRINT)
Place of publication Boston :
Name of publisher Charles River Media/Course Technology,
Year of publication c2009.
300 ## - PHYSICAL DESCRIPTION
Number of Pages xix, 474 p. :
Other physical details ill.
650 #0 - SUBJECT ADDED ENTRY--TOPICAL TERM
Topical Term Computer games
856 40 - ELECTRONIC LOCATION AND ACCESS
Uniform Resource Identifier http://site.ebrary.com/lib/rucke/Doc?id=10333472

No items available.

© 2026 Rongo University
Contact us: librarian | system librarian | Rongo university